[Event "OEISM 0818 BLMM"]
[Site "austriablmm"]
[Date "2020.12.12"]
[Round "2"]
[White "Martinovicdavid"]
[Black "Freeclimber"]
[Result "1-0"]
[WhiteElo "1643"]
[BlackElo "1546"]
[Annotator "NA RC"]
[PlyCount "137"]
[EventDate "2020.12.12"]
[EventType "blitz"]

1. e4 {[%emt 0:00:04]} e5 {[%emt 0:00:02]} 2. Nf3 {[%emt 0:00:02]} Nc6 {[%emt 0:00:02]} 3. d4 {[%emt 0:00:01]} exd4 {[%emt 0:00:02]} 4. Nxd4 {[%emt 0:00:02]} Bc5 {[%emt 0:00:02]} 5. Be3 {[%emt 0:00:03]} Qf6 {[%emt 0:00:02]} 6. c3 {[%emt 0:00:01]} Nge7 {[%emt 0:00:02]} 7. Bc4 {[%emt 0:00:04]} O-O {[%emt 0:00:06]} 8. O-O {[%emt 0:00:03]} d6 {[%emt 0:00:02]} 9. Qd2 {[%emt 0:00:36]} h6 {[%emt 0:00:55]} 10. b4 {[%emt 0:00:08]} Bb6 {[%emt 0:00:04]} 11. Na3 {[%emt 0:00:04]} Bg4 {[%emt 0:00:22]} 12. Nac2 {[%emt 0:00:05]} Qg6 {[%emt 0:00:20]} 13. f3 {[%emt 0:00:14]} Bh3 {[%emt 0:00:04]} 14. Kh1 {[%emt 0:00:04]} Bd7 {[%emt 0:00:36]} 15. a4 {[%emt 0:00:06]} a6 {[%emt 0:00:04]} 16. Bb3 {[%emt 0:01:04]} Ne5 {[%emt 0:00:09]} 17. Rad1 {[%emt 0:01:20]} c6 {[%emt 0:01:01]} 18. Ne2 {[%emt 0:00:29]} Bxe3 {[%emt 0:01:08]} 19. Nxe3 {[%emt 0:00:08]} Rad8 {[%emt 0:01:17]} 20. Qxd6 {[%emt 0:00:07]} Qxd6 {[%emt 0:00:02]} 21. Rxd6 {[%emt 0:00:06]} Nc8 {[%emt 0:00:18]} 22. Rdd1 {[%emt 0:00:13]} Be6 {[%emt 0:00:30]} 23. Bxe6 {[%emt 0:00:12]} fxe6 {[%emt 0:00:03]} 24. Rd4 {[%emt 0:00:36]} Nb6 {[%emt 0:00:15]} 25. a5 {[%emt 0:00:19]} Rxd4 {[%emt 0:00:17]} 26. Nxd4 {[%emt 0:00:36]} Nbc4 {[%emt 0:00:04]} 27. Nxc4 {[%emt 0:00:04]} Nxc4 {[%emt 0:00:03]} 28. Nxe6 {[%emt 0:00:03]} Re8 {[%emt 0:00:04]} 29. Nd4 {[%emt 0:00:05]} Ne3 {[%emt 0:00:02]} 30. Re1 {[%emt 0:00:04]} Nc4 {[%emt 0:00:03]} 31. Kg1 {[%emt 0:00:17]} Rd8 {[%emt 0:00:02]} 32. Kf2 {[%emt 0:00:10]} Kf7 {[%emt 0:00:06]} 33. Re2 {[%emt 0:00:58]} Kg6 {[%emt 0:00:04]} 34. g4 {[%emt 0:00:08]} Kg5 {[%emt 0:00:03]} 35. Kg3 {[%emt 0:00:03]} h5 {[%emt 0:00:03]} 36. h4+ {[%emt 0:00:19]} Kh6 {[%emt 0:00:03]} 37. Nf5+ {[%emt 0:00:16]} Kg6 {[%emt 0:00:03]} 38. gxh5+ {[%emt 0:00:10]} Kxh5 {[%emt 0:00:04]} 39. Nxg7+ {[%emt 0:00:02]} Kg6 {[%emt 0:00:04]} 40. Ne6 {[%emt 0:00:08]} Re8 {[%emt 0:00:04] Freeclimber offers a draw} 41. Nd4 {[%emt 0:00:17]} Kf6 {[%emt 0:00:15]} 42. Kf4 {[%emt 0:00:15]} Rf8 {[%emt 0:00:02]} 43. Kg4 {[%emt 0:00:12]} Kg6 {[%emt 0:00:02]} 44. h5+ {[%emt 0:00:05]} Kh6 {[%emt 0:00:03]} 45. Nf5+ {[%emt 0:00:05]} Kh7 {[%emt 0:00:04]} 46. Kg5 {[%emt 0:00:04]} Rg8+ {[%emt 0:00:03]} 47. Kf6 {[%emt 0:00:04]} Rf8+ {[%emt 0:00:04]} 48. Ke7 {[%emt 0:00:03]} Rg8 {[%emt 0:00:02]} 49. Nd6 {[%emt 0:00:09]} Rg5 {[%emt 0:00:05]} 50. Nxc4 {[%emt 0:00:03]} Rxh5 {[%emt 0:00:02]} 51. f4 {[%emt 0:00:05]} Rh4 {[%emt 0:00:04]} 52. f5 {[%emt 0:00:02]} Kg7 {[%emt 0:00:03]} 53. f6+ {[%emt 0:00:03]} Kg6 {[%emt 0:00:21]} 54. f7 {[%emt 0:00:10]} Rf4 {[%emt 0:00:05]} 55. f8=Q {[%emt 0:00:05]} Rxf8 {[%emt 0:00:03]} 56. Kxf8 {[%emt 0:00:02]} Kf6 {[%emt 0:00:02]} 57. e5+ {[%emt 0:00:06]} Ke6 {[%emt 0:00:03]} 58. Ke8 {[%emt 0:00:06]} Kd5 {[%emt 0:00:05]} 59. e6 {[%emt 0:00:04]} Kxc4 {[%emt 0:00:04]} 60. Re3 {[%emt 0:00:01]} Kd5 {[%emt 0:00:04]} 61. e7 {[%emt 0:00:02]} Kd6 {[%emt 0:00:07]} 62. Kd8 {[%emt 0:00:02]} Kd5 {[%emt 0:00:03]} 63. e8=Q {[%emt 0:00:03]} c5 {[%emt 0:00:03]} 64. Qd7+ {[%emt 0:00:02]} Kc4 {[%emt 0:00:03]} 65. bxc5 {[%emt 0:00:07]} Kxc5 {[%emt 0:00:09]} 66. Qd4+ {[%emt 0:00:03]} Kc6 {[%emt 0:00:04]} 67. Re6+ {[%emt 0:00:03]} Kb5 {[%emt 0:00:04]} 68. Rb6+ {[%emt 0:00:02]} Kxa5 {[%emt 0:00:04]} 69. Qb4# {[%emt 0:00:03] Mate Mate} 1-0

[Event "OEISM 0818 BLMM"]
[Site "austriablmm"]
[Date "2020.12.12"]
[Round "2"]
[White "Luis_VST"]
[Black "Tobias Gartner"]
[Result "1/2-1/2"]
[WhiteElo "1620"]
[BlackElo "1476"]
[Annotator "NA RC"]
[PlyCount "135"]
[EventDate "2020.12.12"]
[EventType "blitz"]

1. e4 {[%emt 0:00:03]} e5 {[%emt 0:00:02]} 2. Nf3 {[%emt 0:00:02]} Nc6 {[%emt 0:00:03]} 3. Nc3 {[%emt 0:00:01]} a6 {[%emt 0:00:01]} 4. Bc4 {[%emt 0:00:04]} h6 {[%emt 0:00:04]} 5. O-O {[%emt 0:00:03]} Nf6 {[%emt 0:00:02]} 6. d4 {[%emt 0:00:17]} exd4 {[%emt 0:00:04]} 7. Ne2 {[%emt 0:00:13]} Bd6 {[%emt 0:00:12]} 8. Nexd4 {[%emt 0:00:09]} Nxd4 {[%emt 0:00:06]} 9. Nxd4 {[%emt 0:00:04]} O-O {[%emt 0:00:05]} 10. h3 {[%emt 0:00:17]} Nxe4 {[%emt 0:00:03]} 11. f3 {[%emt 0:00:08]} Nf6 {[%emt 0:00:04]} 12. g3 {[%emt 0:00:09]} Bc5 {[%emt 0:00:02]} 13. g4 {[%emt 0:00:10]} Bxd4+ {[%emt 0:00:03]} 14. Qxd4 {[%emt 0:00:04]} Re8 {[%emt 0:00:17]} 15. Rf2 {[%emt 0:00:13]} h5 {[%emt 0:00:06]} 16. Bg5 {[%emt 0:00:04]} hxg4 {[%emt 0:00:05]} 17. Bxf6 {[%emt 0:00:02]} gxf6 {[%emt 0:00:13]} 18. fxg4 {[%emt 0:00:03]} Re7 {[%emt 0:00:09]} 19. Rff1 {[%emt 0:00:06]} Qe8 {[%emt 0:00:03]} 20. Rfe1 {[%emt 0:00:05]} Rxe1+ {[%emt 0:00:06]} 21. Rxe1 {[%emt 0:00:04]} Qxe1+ {[%emt 0:00:04]} 22. Kg2 {[%emt 0:00:03]} Qc1 {[%emt 0:00:09]} 23. Qg1 {[%emt 0:00:07]} Qxc2+ {[%emt 0:00:04]} 24. Qf2 {[%emt 0:00:05]} Qxc4 {[%emt 0:00:04]} 25. h4 {[%emt 0:00:06]} Qxg4+ {[%emt 0:00:05]} 26. Kf1 {[%emt 0:00:03]} Qh3+ {[%emt 0:00:14]} 27. Qg2+ {[%emt 0:00:11]} Kh8 {[%emt 0:00:13]} 28. Qxh3 {[%emt 0:00:06]} d6 {[%emt 0:00:02]} 29. Qg2 {[%emt 0:00:10]} Bd7 {[%emt 0:00:09]} 30. Qxb7 {[%emt 0:00:06]} Rg8 {[%emt 0:00:20]} 31. Qxc7 {[%emt 0:00:05]} Bh3+ {[%emt 0:00:06]} 32. Kf2 {[%emt 0:00:08]} Rg2+ {[%emt 0:00:08]} 33. Kf3 {[%emt 0:00:05]} Rxb2 {[%emt 0:00:13]} 34. Qxd6 {[%emt 0:00:08]} Rxa2 {[%emt 0:00:05]} 35. Qd3 {[%emt 0:00:09]} a5 {[%emt 0:00:04]} 36. Qb3 {[%emt 0:00:13]} Ra1 {[%emt 0:00:05]} 37. Ke2 {[%emt 0:00:06]} Be6 {[%emt 0:00:04]} 38. Qe3 {[%emt 0:00:15]} a4 {[%emt 0:00:04]} 39. Qh6+ {[%emt 0:00:08]} Kg8 {[%emt 0:00:04]} 40. Kf3 {[%emt 0:00:04]} Rf1+ {[%emt 0:00:15]} 41. Ke4 {[%emt 0:00:06]} Bf5+ {[%emt 0:00:07]} 42. Kd4 {[%emt 0:00:09]} a3 {[%emt 0:00:03]} 43. Qd2 {[%emt 0:00:07]} Ra1 {[%emt 0:00:14]} 44. Kc3 {[%emt 0:00:06]} a2 {[%emt 0:00:04]} 45. Kb2 {[%emt 0:00:02]} Rb1+ {[%emt 0:00:26]} 46. Kxa2 {[%emt 0:00:08]} Rh1 {[%emt 0:00:11]} 47. Qg2+ {[%emt 0:00:09]} Kh8 {[%emt 0:00:13]} 48. Qxh1 {[%emt 0:00:05]} Bg6 {[%emt 0:00:14]} 49. h5 {[%emt 0:00:06]} Bh7 {[%emt 0:00:17]} 50. h6 {[%emt 0:00:04]} Bg6 {[%emt 0:00:07]} 51. Kb3 {[%emt 0:00:07]} f5 {[%emt 0:00:05]} 52. Kc3 {[%emt 0:00:03]} f4 {[%emt 0:00:05]} 53. Kd2 {[%emt 0:00:01]} f3 {[%emt 0:00:02]} 54. Ke1 {[%emt 0:00:02]} Be4 {[%emt 0:00:06]} 55. h7 {[%emt 0:00:13]} f2+ {[%emt 0:00:11]} 56. Kxf2 {[%emt 0:00:15]} Bxh1 {[%emt 0:00:02]} 57. Kg1 {[%emt 0:00:08]} Ba8 {[%emt 0:00:05] Luis_VST offers a draw} 58. Kf2 {[%emt 0:00:07]} Kxh7 {[%emt 0:00:01]} 59. Ke3 {[%emt 0:00:09]} f6 {[%emt 0:00:02]} 60. Kf4 {[%emt 0:00:02]} Kg6 {[%emt 0:00:05]} 61. Kg4 {[%emt 0:00:03]} f5+ {[%emt 0:00:01]} 62. Kf4 {[%emt 0:00:04]} Kf6 {[%emt 0:00:06]} 63. Ke3 {[%emt 0:00:04]} Kg5 {[%emt 0:00:03]} 64. Kd4 {[%emt 0:00:03]} f4 {[%emt 0:00:02]} 65. Kd3 {[%emt 0:00:02]} f3 {[%emt 0:00:01]} 66. Kd2 {[%emt 0:00:02]} f2 {[%emt 0:00:02]} 67. Ke2 {[%emt 0:00:04]} Bf3+ {[%emt 0:00:20]} 68. Kxf2 {[%emt 0:00:02] No Material No Material} 1/2-1/2

[Event "OEISM 0818 BLMM"]
[Site "austriablmm"]
[Date "2020.12.12"]
[Round "2"]
[White "Zauberbiene"]
[Black "Xvv_valentina"]
[Result "0-1"]
[WhiteElo "1620"]
[BlackElo "1565"]
[Annotator "NA RC"]
[PlyCount "78"]
[EventDate "2020.12.12"]
[EventType "blitz"]

1. e4 {[%emt 0:00:06]} e5 {[%emt 0:00:02]} 2. Nf3 {[%emt 0:00:03]} Nc6 {[%emt 0:00:03]} 3. Nc3 {[%emt 0:00:06]} Nf6 {[%emt 0:00:02]} 4. Bc4 {[%emt 0:00:05]} Bb4 {[%emt 0:00:09]} 5. d3 {[%emt 0:00:06]} d6 {[%emt 0:00:04]} 6. Be3 {[%emt 0:00:26]} Bg4 {[%emt 0:00:18]} 7. h3 {[%emt 0:00:11]} Bxf3 {[%emt 0:00:13]} 8. gxf3 {[%emt 0:00:05]} d5 {[%emt 0:00:18]} 9. exd5 {[%emt 0:00:12]} Nxd5 {[%emt 0:00:07]} 10. Qe2 {[%emt 0:00:33]} Nxc3 {[%emt 0:00:11]} 11. Kf1 {[%emt 0:00:37]} Nxe2 {[%emt 0:00:04]} 12. Kxe2 {[%emt 0:00:04]} O-O {[%emt 0:00:14]} 13. c3 {[%emt 0:00:05]} Bd6 {[%emt 0:00:08]} 14. Rhg1 {[%emt 0:00:07]} g6 {[%emt 0:00:12]} 15. Bh6 {[%emt 0:00:06]} Re8 {[%emt 0:00:09]} 16. Bd5 {[%emt 0:00:22]} Qh4 {[%emt 0:00:15]} 17. Bg5 {[%emt 0:00:22]} Qxh3 {[%emt 0:00:30]} 18. Rh1 {[%emt 0:00:24]} Qg2 {[%emt 0:00:28]} 19. Rag1 {[%emt 0:00:06]} Qxg1 {[%emt 0:00:52]} 20. Rxg1 {[%emt 0:00:04]} Kg7 {[%emt 0:00:20]} 21. Rh1 {[%emt 0:00:09]} Rab8 {[%emt 0:00:23]} 22. Bh6+ {[%emt 0:00:45]} Kf6 {[%emt 0:00:12]} 23. Bg5+ {[%emt 0:00:06]} Kxg5 {[%emt 0:00:07]} 24. Rxh7 {[%emt 0:00:06]} f5 {[%emt 0:00:33]} 25. Bf7 {[%emt 0:00:18]} Rf8 {[%emt 0:00:12]} 26. Ke3 {[%emt 0:00:34]} Be7 {[%emt 0:00:09]} 27. Bd5 {[%emt 0:00:57]} Rbd8 {[%emt 0:00:30]} 28. c4 {[%emt 0:00:34]} Rfe8 {[%emt 0:00:12]} 29. Bf7 {[%emt 0:00:21]} Bc5+ {[%emt 0:00:30]} 30. Ke2 {[%emt 0:00:12]} Re7 {[%emt 0:00:09]} 31. a3 {[%emt 0:00:54]} Kf6 {[%emt 0:00:22]} 32. b4 {[%emt 0:00:06]} Bd4 {[%emt 0:00:13]} 33. Bxg6 {[%emt 0:00:25]} Rxh7 {[%emt 0:00:11]} 34. Bxh7 {[%emt 0:00:04]} Bb2 {[%emt 0:00:07]} 35. Ke3 {[%emt 0:00:21]} Bxa3 {[%emt 0:00:11]} 36. b5 {[%emt 0:00:04]} Nb4 {[%emt 0:00:14]} 37. f4 {[%emt 0:00:26]} Rxd3+ {[%emt 0:00:07]} 38. Ke2 {[%emt 0:00:06]} Rc3 {[%emt 0:00:15]} 39. fxe5+ {[%emt 0:00:10]} Kxe5 {[%emt 0:00:07] Zauberbiene resigns} 0-1

[Event "OEISM 0818 BLMM"]
[Site "austriablmm"]
[Date "2020.12.12"]
[Round "2"]
[White "Widder2010"]
[Black "Ppe1968"]
[Result "0-1"]
[WhiteElo "1619"]
[BlackElo "1910"]
[Annotator "NA RC"]
[PlyCount "70"]
[EventDate "2020.12.12"]
[EventType "blitz"]

1. g3 {[%emt 0:00:02]} Nf6 {[%emt 0:00:14]} 2. Bg2 {[%emt 0:00:02]} d5 {[%emt 0:00:01]} 3. d4 {[%emt 0:00:03]} g6 {[%emt 0:01:20]} 4. Bf4 {[%emt 0:00:05]} Bg7 {[%emt 0:00:01]} 5. e3 {[%emt 0:00:03]} O-O {[%emt 0:00:01]} 6. Ne2 {[%emt 0:00:02]} b6 {[%emt 0:00:02]} 7. O-O {[%emt 0:00:03]} Bb7 {[%emt 0:00:02]} 8. Nd2 {[%emt 0:00:04]} Nbd7 {[%emt 0:00:02]} 9. c4 {[%emt 0:00:06]} c5 {[%emt 0:00:19]} 10. Qc2 {[%emt 0:00:19]} Rc8 {[%emt 0:00:09]} 11. Qd3 {[%emt 0:00:21]} dxc4 {[%emt 0:00:29]} 12. Nxc4 {[%emt 0:00:07]} Bxg2 {[%emt 0:00:17]} 13. Kxg2 {[%emt 0:00:04]} cxd4 {[%emt 0:00:07]} 14. Nxd4 {[%emt 0:00:08]} Nc5 {[%emt 0:00:38]} 15. Qe2 {[%emt 0:00:13]} Qd5+ {[%emt 0:00:11]} 16. f3 {[%emt 0:00:08]} Ncd7 {[%emt 0:00:22]} 17. Nd2 {[%emt 0:00:35]} e5 {[%emt 0:00:08]} 18. e4 {[%emt 0:00:13]} Qxd4 {[%emt 0:00:23]} 19. Be3 {[%emt 0:00:13]} Qxb2 {[%emt 0:00:42]} 20. Rfb1 {[%emt 0:00:28]} Qc2 {[%emt 0:00:18]} 21. Rc1 {[%emt 0:00:16]} Qa4 {[%emt 0:00:07]} 22. Nc4 {[%emt 0:00:19]} Qa6 {[%emt 0:00:29]} 23. Qf1 {[%emt 0:00:41]} Rc6 {[%emt 0:00:08]} 24. Nd2 {[%emt 0:00:15]} Qxf1+ {[%emt 0:00:03]} 25. Rxf1 {[%emt 0:00:04]} Rc2 {[%emt 0:00:04]} 26. Rfc1 {[%emt 0:00:02]} Rfc8 {[%emt 0:00:02]} 27. Rxc2 {[%emt 0:00:08]} Rxc2 {[%emt 0:00:02]} 28. Kf2 {[%emt 0:00:11]} Nc5 {[%emt 0:00:13]} 29. Bxc5 {[%emt 0:00:04]} bxc5 {[%emt 0:00:51]} 30. Ke3 {[%emt 0:00:07]} Bh6+ {[%emt 0:00:02]} 31. f4 {[%emt 0:00:12]} exf4+ {[%emt 0:00:01]} 32. gxf4 {[%emt 0:00:03]} Bxf4+ {[%emt 0:00:04]} 33. Kxf4 {[%emt 0:00:06]} Rxd2 {[%emt 0:00:01]} 34. Kg5 {[%emt 0:00:09]} Nxe4+ {[%emt 0:00:02]} 35. Kh6 {[%emt 0:00:01]} Rxh2# {[%emt 0:00:04] Mate} 0-1

[Event "OEISM 0818 BLMM"]
[Site "austriablmm"]
[Date "2020.12.12"]
[Round "2"]
[White "Robert_III"]
[Black "BORRMANN"]
[Result "0-1"]
[WhiteElo "1615"]
[BlackElo "1973"]
[Annotator "TA"]
[PlyCount "76"]
[EventDate "2020.12.12"]
[EventType "blitz"]

{[%evp 9,76,36,43,0,35,25,3,-39,35,34,39,2,2,8,0,-7,18,0,0,0,0,7,36,36,66,59,60,67,77,64,150,143,145,145,149,129,138,116,179,161,222,196,204,207,275,75,259,125,125,-156,-116,-129,-56,-976,-966,-1428,-1288,-1765,-1716,-2227,-2356,-1706,-1678,-29978,-29980,-29987,-29988,-29988,-29989]} 1. e4 g6 2. d4 Bg7 3. Nf3 c6 4. c3 d5 5. e5 f6 6. Bf4 {B06: Modern Defence.} Nh6 7. Qd2 Nf7 {[#]} 8. h4 $146 {The position is equal.} ({Predecessor:} 8. exf6 exf6 9. Be2 O-O 10. h4 Re8 11. Na3 b5 12. Nc2 a5 13. O-O Nd6 14. Bxd6 Qxd6 {½-½ (22) Kapr,K (2095)-Keusch,H (2003) Berlin 2012}) 8... Bg4 (8... fxe5 $15 9. Nxe5 Nxe5 10. Bxe5 Bxe5 11. dxe5 Qb6) 9. exf6 $14 exf6 10. Nh2 Qe7+ 11. Qe3 Qxe3+ 12. fxe3 Bf5 13. g4 Be4 14. Rg1 g5 15. Bg3 h6 16. Nd2 Bg6 17. O-O-O O-O 18. h5 Bh7 19. Re1 {[%cal Bd1e1,Be1e4,Be4e7,Be7d7][%mdl 32]} f5 ({Black should try} 19... Nd7 $14) 20. gxf5 $16 Bxf5 21. e4 dxe4 22. Nxe4 Nd7 23. Bc4 {[#] Black must now prevent Nd6.} Bxe4 (23... Nb6 $16 24. Nd6 Nxc4 25. Nxf5 Rae8) 24. Rxe4 $18 b5 (24... Nb6 $142) 25. Bb3 Nf6 26. Re7 Nxh5 27. Be5 $2 {[#]} (27. Ng4 $18) 27... Nf6 $2 (27... Bxe5 $16 28. dxe5 Nf4) 28. Rf1 (28. Rc7 $18 {is more deadly.}) 28... Nd5 $16 29. Rd7 $2 {[%mdl 8192]} (29. Bxd5 $16 cxd5 30. Bxg7 Kxg7 31. Ng4) 29... Nxe5 30. dxe5 Rxf1+ ({Better is} 30... Bxe5 $17 31. Rxf8+ Kxf8) 31. Kd2 $2 {[%mdl 8192]} (31. Nxf1 $15 Kh8 32. Rd6 (32. Bxd5 cxd5 33. e6 Re8 $17)) 31... Rf2+ $19 32. Kd3 Rxh2 33. e6 Re8 34. e7 Kf7 35. c4 bxc4+ 36. Bxc4 Rxe7 {Black mates.} 37. Bxd5+ cxd5 38. Rxd5 Rxb2 {Weighted Error Value: White=1.26/Black=0.34} 0-1

[Event "OEISM 0818 BLMM"]
[Site "austriablmm"]
[Date "2020.12.12"]
[Round "2"]
[White "Moritz_Pernerstorfer"]
[Black "Konstantin Peyrer"]
[Result "1/2-1/2"]
[WhiteElo "1603"]
[BlackElo "2261"]
[Annotator "TA"]
[PlyCount "136"]
[EventDate "2020.12.12"]
[EventType "blitz"]

{[%evp 19,136,14,33,39,44,41,47,48,35,0,0,0,14,-45,-41,-101,-7,-54,-50,-107,-87,-106,-14,-31,379,379,379,380,380,380,380,377,372,338,373,375,489,485,713,712,705,705,683,391,385,366,331,333,372,370,417,397,376,306,364,360,349,356,551,552,552,552,549,545,517,500,719,514,752,741,667,576,696,0,8,8,8,5,6,6,8,8,8,8,8,8,8,8,8,8,8,8,8,8,8,8,8,8,8,8,8,8,8,8,8,0,0,0,0,0,0,0,0,0,0,0,0,0,0]} 1. e4 e5 2. Nf3 Nc6 3. d4 exd4 4. Nxd4 Nf6 5. Nxc6 bxc6 6. e5 Qe7 7. Qe2 Nd5 8. c4 Nb6 9. Nc3 Qe6 10. Qe4 Ba6 {[%cal Ra6c4]} 11. b3 {C45: Scotch Game.} Bb4 12. Bd2 Bxc3 13. Bxc3 {White is slightly better.} d5 14. cxd5 cxd5 15. Qe3 Bxf1 16. Kxf1 (16. Rxf1 $11 Rc8 17. f4) 16... O-O $15 {[#]} 17. f3 $146 ({White should try} 17. f4 $15) ({Predecessor:} 17. g3 Rfd8 18. Rd1 d4 19. Rxd4 Qc6 20. Rxd8+ Rxd8 21. Rg1 Rd1+ 22. Be1 Nd5 23. Qf3 {0-1 (33) Skuhala,B (2136)-Leks,M (2108) Aracaju 2018}) 17... Rad8 (17... Nd7 $17 {Threatening ...Rae8.} 18. Bd4 Rfc8) 18. Qd4 Rfe8 19. Re1 (19. Kf2 $15) 19... Nd7 $17 20. b4 Qa6+ (20... Nb8 $17 {With the idea ...Nc6.} 21. Qc5 (21. Qxa7 $2 d4 $19) 21... Qb6) 21. Kf2 $11 Nf8 $2 {[%mdl 8192] [#]} (21... Qb6 $15 {keeps the upper hand.}) 22. e6 $1 $18 {[%csl Gc3][%cal Rd4g7]} Qxa2+ 23. Kg3 {[%csl Gc3][%cal Rd4g7]} ({Don't do} 23. Re2 Qxe2+ 24. Kxe2 Nxe6 $18) 23... f6 24. e7 {[%mdl 64] Double Attack} Rd7 25. exf8=Q+ ({Don't play} 25. exf8=B Rxf8 26. Re6 Qc2 $18) 25... Rxf8 26. Re3 Qc2 27. Rhe1 Kf7 28. Qc5 Rfd8 (28... Qg6+ $142 29. Kf2 Kg8 30. Qxa7 Rfd8) 29. Re7+ Kg6 30. Rxd7 Rxd7 31. Qd4 Qf5 32. Qg4+ Qxg4+ 33. Kxg4 {[%mdl 4096] Endgame KRB-KR} h5+ 34. Kf4 Kf7 35. Rd1 Ke6 36. g4 g5+ 37. Ke3 hxg4 38. fxg4 c6 (38... Rh7 $142 39. Ra1 c6) 39. Rf1 Rf7 40. Kd4 Kd6 41. Bd2 Ke6 42. Kc5 Rh7 43. Rf2 Rh4 44. Bc3 Rxg4 45. Rxf6+ Ke7 {[%csl Gd5][%cal Rg4c4] [#]} 46. Kxc6 $2 (46. Rxc6 $18 Rh4 47. Kxd5) 46... Rc4+ {The position is equal.} 47. Kxd5 Rxc3 $11 {KR-KR} 48. Rg6 Rh3 49. Rxg5 Rxh2 50. Rg7+ Kd8 51. Rxa7 {Hoping for Kc6.} Kc8 52. Kc6 {[%cal Ra7a8]} Rh6+ 53. Kb5 Kb8 54. Rg7 Rh5+ 55. Ka6 {Threatens to win with Rg8+.} (55. Kc6 {with more complications.} Rh6+ 56. Kd5 Rh5+ 57. Kc4 Rh6 58. Rf7) 55... Rh6+ 56. Ka5 Rf6 57. b5 Ka8 58. Re7 Kb8 59. Rd7 Ka8 60. Rc7 Kb8 61. Re7 {Cut Off at move 61} Rg6 62. b6 Rg1 63. Ka6 {[%cal Re7e8]} Ra1+ 64. Kb5 Rb1+ 65. Kc6 {[%cal Re7e8]} Rc1+ 66. Kb5 Rb1+ 67. Ka6 {[%cal Re7e8]} Ra1+ 68. Kb5 Rb1+ {Black defended with fortune.  Weighted Error Value: White=0.33/Black=0.41} 1/2-1/2

[Event "OEISM 0818 BLMM"]
[Site "austriablmm"]
[Date "2020.12.12"]
[Round "2"]
[White "Famol"]
[Black "Derenick2010"]
[Result "1-0"]
[WhiteElo "1570"]
[BlackElo "1575"]
[Annotator "NA RC"]
[PlyCount "75"]
[EventDate "2020.12.12"]
[EventType "blitz"]

1. e4 {[%emt 0:00:05]} e5 {[%emt 0:00:06]} 2. Nf3 {[%emt 0:00:01]} Nc6 {[%emt 0:00:02]} 3. Bc4 {[%emt 0:00:01]} Bc5 {[%emt 0:00:02]} 4. Nc3 {[%emt 0:00:04]} Nf6 {[%emt 0:00:02]} 5. d3 {[%emt 0:00:01]} h6 {[%emt 0:00:02]} 6. Be3 {[%emt 0:00:01]} d6 {[%emt 0:00:07]} 7. h3 {[%emt 0:00:02]} O-O {[%emt 0:00:03]} 8. Qd2 {[%emt 0:00:02]} Bxe3 {[%emt 0:00:20]} 9. fxe3 {[%emt 0:00:02]} Be6 {[%emt 0:00:24]} 10. Bb3 {[%emt 0:00:02]} Bxb3 {[%emt 0:00:05]} 11. axb3 {[%emt 0:00:01]} Qe7 {[%emt 0:00:04]} 12. O-O {[%emt 0:00:02]} a5 {[%emt 0:00:12]} 13. Ne2 {[%emt 0:00:13]} Nb4 {[%emt 0:00:07]} 14. Ng3 {[%emt 0:00:09]} Ra6 {[%emt 0:00:15]} 15. Ra4 {[%emt 0:00:12]} Rfa8 {[%emt 0:00:06]} 16. c3 {[%emt 0:00:23]} Nc6 {[%emt 0:00:09]} 17. Nf5 {[%emt 0:00:02]} Qe6 {[%emt 0:00:15]} 18. Qc2 {[%emt 0:00:17]} Rb6 {[%emt 0:00:17]} 19. Ra3 {[%emt 0:00:08]} Nd7 {[%emt 0:00:19]} 20. d4 {[%emt 0:00:17]} exd4 {[%emt 0:00:04]} 21. exd4 {[%emt 0:00:01]} Qf6 {[%emt 0:00:35]} 22. Nd2 {[%emt 0:00:23]} g6 {[%emt 0:00:07]} 23. Nxh6+ {[%emt 0:00:07]} Kh7 {[%emt 0:00:05]} 24. Rxf6 {[%emt 0:00:01]} Nxf6 {[%emt 0:00:05]} 25. Nxf7 {[%emt 0:00:01]} Kg7 {[%emt 0:00:04]} 26. Ng5 {[%emt 0:00:03]} Rba6 {[%emt 0:00:09]} 27. Nc4 {[%emt 0:00:05]} a4 {[%emt 0:00:07]} 28. Ne6+ {[%emt 0:00:03]} Kf7 {[%emt 0:00:04]} 29. Nxc7 {[%emt 0:00:01]} axb3 {[%emt 0:00:06]} 30. Qxb3 {[%emt 0:00:04]} Rxa3 {[%emt 0:00:05]} 31. Nxa3+ {[%emt 0:00:01]} Ke7 {[%emt 0:00:06]} 32. Nxa8 {[%emt 0:00:01]} Nxe4 {[%emt 0:00:07]} 33. Qxb7+ {[%emt 0:00:03]} Ke6 {[%emt 0:00:04]} 34. Qxc6 {[%emt 0:00:01]} Nd2 {[%emt 0:00:12]} 35. Nc7+ {[%emt 0:00:03]} Ke7 {[%emt 0:00:05]} 36. Nab5 {[%emt 0:00:04]} Nb3 {[%emt 0:00:13]} 37. Qe4+ {[%emt 0:00:10]} Kd7 {[%emt 0:00:04]} 38. Qe8# {[%emt 0:00:02] Mate Mate} 1-0